000 00741nam a2200241Ia 4500
003 OSt
005 20220923214358.0
006 a|||||r|||| 00| 0
007 ta
008 220922b |||||||| |||| 00| 0 hin d
024 _a169,309
037 _cTextual
040 _aARTS
_cARTS
_bhin
041 _2hin
_ahin
082 _aO152,1J23,1, K7
100 _aकुतबन
245 0 _aमिरंगावती परमेश्वरीलाल गुप्त द्वारा
246 _aMirangāvatī parameshvarīlāl gupta dvārā
260 _c1967
650 _aहिन्दी साहित्य
_9156264
942 _hO152,1J23,1, K7
_cTEXL
_2CC
999 _c323765
_d323765